000 01033nam a22002057a 4500
999 _c59022
_d59022
003 Ge_BSU
005 20221101150418.0
008 221101s1998 ge ||||| |||| 00| 0 geo d
041 _ageo
080 _a330.110(075.8) ფ–67
100 _aფიშერი, ს.
_912977
245 _aეკონომიკა (Economics) : 4 ტომად :
_bტ. 3 /
_cს. ფიშერი, რ. დორნბუში, რ. შმალენზი ; [მთარგმნ. და პმგ რედ.: კარლო ღურწკაია]
264 _aთბილისი,
_c1998.
300 _a497 გვ. :
_b ცხრ., ნახ.;
_c21სმ.
653 _aეკონომიკის სახელმძღვანელო
700 _aდორნბუში, რ.
_eავტორი
_9434
700 _aშმალენზი, რ.
_eავტორი
_9435
700 _aღურწკაია, კარლო
_eმთარგმნელი, რედაქტორი.
_93333
942 _2udc
_cBK